The four cardinal principles of trading how the world's top traders identify trends,cut losses,maximize profits,and manage risk
Saved in:
| Main Author: | |
|---|---|
| Format: | Book |
| Published: |
London
Irwin
1996
|
| Subjects: | |
| Tags: |
Add Tag
No Tags, Be the first to tag this record!
|
| Call Number : | HG 6049 B33 1996 |
MARC
| LEADER | 00000pam a2200000 4500 | ||
|---|---|---|---|
| 001 | 38465 | ||
| 003 | MY-KLNDU | ||
| 005 | 20241218091553.0 | ||
| 020 | 0 | 0 | |a 0786310103 |
| 035 | |a 0000024642 | ||
| 039 | 9 | |y 200910091632 |z VLOAD | |
| 090 | 0 | 0 | |a HG 6049 |b B33 1996 |
| 100 | 1 | 0 | |a Babcock |h Bruce |
| 245 | 1 | 4 | |a The four cardinal principles of trading |b how the world's top traders identify trends,cut losses,maximize profits,and manage risk |c Bruce Babcock |
| 260 | 0 | 0 | |a London |b Irwin |c 1996 |
| 500 | 0 | 0 | |a Includes bibliographical references index |
| 650 | 0 | 0 | |a Commodity futures |
| 650 | 0 | 0 | |a Commodity exchanges |z United States |
| 999 | |a vtls000027861 |c 38465 |d 38465 | ||


